| 000 | 04094cam a22007814i 4500 | ||
|---|---|---|---|
| 001 | u52995 | ||
| 003 | PE-LiUPU | ||
| 005 | 20250731170457.0 | ||
| 008 | 150706s2007 mx a rb 000 0 spa d | ||
| 020 | _a970106108X | ||
| 020 | _a9789701061084 | ||
| 035 | _a(Sirsi) i9789701061084 | ||
| 040 |
_aPE-LiUPU _bspa _cPE-LiUPU _dPE-LiUPU _erda |
||
| 049 | _aPRUA | ||
| 082 | 0 | 4 |
_a150.72 _bS24 _221 |
| 082 | 0 | 4 |
_a150.72 _bSh47 2007 |
| 100 | 1 |
_aShaughnessy, John J., _eautor. |
|
| 245 | 1 | 0 |
_aMétodos de investigación en psicología / _cJohn J. Shaughnessy, Eugene B. Zechmeister y Jeanne S. Zechmeister ; Traducción Ericka Gutiérrez Martínez. |
| 250 | _a7a edición. | ||
| 264 | 1 |
_aMéxico : _bMcGraw-Hill Interamericana, _c2007. |
|
| 300 |
_a578 páginas : _bilustraciones ; _c24 centímetros |
||
| 336 |
_atext _2rdacontent |
||
| 337 |
_aunmediated _2rdamedia |
||
| 338 |
_avolume _2rdacarrier |
||
| 500 | _aTraducción de: Research methods in psychology. 4th edition, En la portada: Séptima edición. | ||
| 505 | _aEnfoque general -- El método científico -- Aspectos éticos en el manejo de la investigación psicológica -- Métodos descriptivos -- Observación -- Investigación mediante encuestas -- Medidas de comportamiento no intrusivas -- Métodos experimentales -- Diseño de grupos independientes -- Diseños de medidas repetidas -- Diseños complejos -- Investigación aplicada -- Diseños de un solo sujeto e investigación con n pequeña -- Diseños cuasi experimentales y evaluación de programas -- Análisis y reporte de la investigación -- Análisis de datos e interpretación: parte I, descripción de datos, intervalos de confianza, correlación -- Análisis de datos e interpretación: parte II. pruebas de significancia estadística y análisis de la historia -- La comunicación en psicología. | ||
| 526 | _aSEG68 | ||
| 526 | _aSEG70 | ||
| 526 | _aSEG69 | ||
| 526 | _aSEG67 | ||
| 526 | _aSEG43 | ||
| 526 | _aP144 | ||
| 526 | _aP143 | ||
| 526 | _aP131 | ||
| 526 | _aP122 | ||
| 526 | _aP120 | ||
| 526 | _aP117 | ||
| 526 | _aP112 | ||
| 526 | _aP110 | ||
| 526 | _aP106 | ||
| 526 | _aP101 | ||
| 526 | _aP80 | ||
| 526 | _aP59 | ||
| 526 | _aP54 | ||
| 526 | _aP35 | ||
| 526 | _aP33 | ||
| 526 | _aP30 | ||
| 534 |
_pTítulo original : _tResearch methods in psychology. |
||
| 541 | _g001-000096; | ||
| 596 | _a1 2 3 | ||
| 650 | 0 | 4 | _aInvestigación psicológica. |
| 650 | 0 | 4 |
_aPsicología experimental _vLibros de texto. |
| 650 | 0 | 4 |
_aPsicología _xInvestigación _vMetodología. |
| 700 | 1 |
_aGutiérrez Martínez, Ericka, _etraductor. |
|
| 700 | 1 |
_aZechmeister, Eugene B., _eautor. |
|
| 700 | 1 |
_aZechmeister, Jeanne S., _eautor. |
|
| 910 |
_agl _bjv _clch _d20101210 |
||
| 942 |
_2ddc _cBOOK |
||
| 994 |
_aC0 _bPEPRU |
||
| 949 |
_a150.72 S24 2007 _wDEWEY _c1 _iFT02464 _lCCODEBUT1 _mBUT _p{Dolar}37.00 _r0 _sY _tBOOK _u2015-9-21 _xFSALUD _PP33 _0COMPRA _o.STAFF. Colección General Tarapoto |
||
| 949 |
_a150.72 S24 _wDEWEY _c1 _i67824 _d2018-4-26 _e2018-3-26 _f2018-2-11 _g2 _lCCODEBUL1 _mBUL _n5 _p75.00 _q2 _r0 _sY _tBOOK _u2015-7-6 _xSALUD _PP33 _0COMPRA _o.STAFF. Colección General |
||
| 949 |
_a150.72 SH47 2007 _wDEWEY _c1 _iFJ09752 _f2017-12-28 _g1 _lCCODEBUJ1 _mBUJ _p75.00 _r0 _sY _tBOOK _u2015-10-16 _xSALUD _PP33 _0COMPRA _o.STAFF. Colección General Juliaca |
||
| 999 |
_a150.72 S24 _wDEWEY _c55663 _i67824 _d55663 _e2018-3-26 _f2021-11-3 _g5 _lCCODEBUL1 _mBUL _n5 _p75.00 _q5 _r0 _sY _tBOOK _u2015-7-6 _xSALUD _zP33 _0COMPRA _o.STAFF. Colección Ciencias de la Salud |
||
| 999 |
_a150.72 S24 2007 _wDEWEY _c1 _iFT02464 _d2019-9-1 _e2019-8-29 _f2019-2-20 _g1 _lCCODEBUT1 _mBUT _n1 _p37.00 _r0 _sY _tBOOK _u2015-9-21 _xSALUD _PP33 _0COMPRA _o.STAFF. Colección General Tarapoto |
||
| 999 |
_a150.72 SH47 2007 _wDEWEY _c1 _iFJ09752 _d2019-11-12 _e2019-6-10 _f2022-1-17 _g4 _lCCODEBUJ1 _mBUJ _n3 _p75.00 _q4 _r0 _sY _tBOOK _u2015-10-16 _xSALUD _PP33 _0COMPRA _o.STAFF. Colección General Juliaca |
||
| 980 |
_81 _gALBERTO SANCHEZ Responsable de Automatización |
||